|
|
|
|
| LEADER |
00658nab a2200169 i 4500 |
| 001 |
misc25916 |
| 005 |
20191111110540.0 |
| 008 |
171118s1911 hu o 0|| zxx d |
| 040 |
|
|
|a SZTE Miscellanea Repozitórium
|b hun
|
| 041 |
|
|
|a zxx
|
| 100 |
1 |
|
|a Ferenczi Zoltán
|
| 245 |
1 |
0 |
|a [Rimay János, 1573-1631]
|h [elektronikus dokumentum] :
|b Függelék: Rimay János levele Thurzó Györgyhöz, 1604 deczember 16. /
|c Ferenczi Zoltán
|
| 260 |
|
|
|c 1911
|
| 300 |
|
|
|a 221-248
|
| 490 |
0 |
|
|a Kolligátum
|
| 695 |
|
|
|a Rimay János, Thurzó György, Magyar irodalom - 16-17. sz. - levelezés
|
| 856 |
4 |
0 |
|u http://misc.bibl.u-szeged.hu/25916/1/018_006_221-248.pdf
|z Dokumentum-elérés
|